LEADER 01615oam 2200421Ia 450 001 9910690045403321 005 20250409163010.0 035 $a(CKB)5470000002334809 035 9 $aocm30602906 035 $a(OCoLC)30602906 035 $a(EXLCZ)995470000002334809 100 $a19940614d1993 ua 0 101 0 $aeng 181 $ctxt$2rdacontent 182 $ch$2rdamedia 183 $ahe$2rdacarrier 200 13$aAn analysis of gear fault detection methods as applied to pitting fatigue failure data /$fJ.J. Zakrajsek and D.P. Townsend, H.J. Decker 210 1$a[Washington, DC] :$cNational Aeronautics and Space Administration ;$a[St. Louis, Mo.] :$cUS Army Aviation Systems Command ;$a[Springfield, Va.]:$c[National Technical information Service, distributor],$d[1993] 215 $a10 pages $cillustrations ;$d28 cm 225 1 $aAVSCOM technical report ;$v92-C-035 225 1 $aNASA technical memorandum ;$v105950 300 $aDistributed to depository libraries in microfiche. 300 $aShipping list no.: 1993-1090-M. 320 $aIncludes bibliographical references (page 7). 606 $aGearing 615 0$aGearing. 700 $aZakrajsek$b James J$01381533 712 02$aUnited States.$bArmy Aviation Systems Command. 712 02$aUnited States.$bNational Aeronautics and Space Administration. 801 0$bGPO 801 1$bGPO 801 2$bSPI 801 2$bOCL 801 2$bGPO 906 $aBOOK 912 $a9910690045403321 996 $aAn analysis of gear fault detection methods as applied to pitting fatigue failure data$93424245 997 $aUNINA LEADER 00935nam 2200253la 450 001 9910481431303321 005 20230503095003.0 035 $a(UK-CbPIL)2090355391 035 $a(CKB)5500000000096329 035 $a(EXLCZ)995500000000096329 100 $a20230503d1650 uy | 101 0 $alat 135 $aurcn||||a|bb| 200 10$aCommodiani Instructiones aduersus gentium deos. Pro Christiana disciplina. Tempopre Siluestri p.r. sub Constantino caes. compositae 210 $aToul $c[s.n.]$d1650 215 $aOnline resource (119 p., 4°.) 300 $aReproduction of original in Biblioteca Nazionale Centrale di Firenze. 700 $aCommodianus$0454128 801 0$bUk-CbPIL 801 1$bUk-CbPIL 906 $aBOOK 912 $a9910481431303321 996 $aCommodiani Instructiones aduersus gentium deos. Pro Christiana disciplina. Tempopre Siluestri p.r. sub Constantino caes. compositae$92125273 997 $aUNINA